Isolation and characterisation of a laticiferous specific promoter of 3-hydroxy-3-methyl glutaryl-coenzyme A reductase gene from Hevea brasiliensis (Record no. 74234)

MARC details
000 -LEADER
fixed length control field 00498nam a2200145Ia 4500
100 ## - MAIN ENTRY--AUTHOR NAME
Personal name Sabitha Anand
245 #0 - TITLE STATEMENT
Title Isolation and characterisation of a laticiferous specific promoter of 3-hydroxy-3-methyl glutaryl-coenzyme A reductase gene from Hevea brasiliensis
260 ## - PUBLICATION, DISTRIBUTION, ETC. (IMPRINT)
Name of publisher Kannur University
Place of publication Kannur
Year of publication 2005
300 ## - PHYSICAL DESCRIPTION
Number of Pages 55
500 ## - GENERAL NOTE
General note Available at Biotechnology
500 ## - GENERAL NOTE
General note Course: M.Sc.
700 ## - ADDED ENTRY--PERSONAL NAME
Personal name Dr A Thulaseedharan
942 ## - ADDED ENTRY ELEMENTS (KOHA)
Koha item type Theses
Holdings
Withdrawn status Lost status Damaged status Not for loan Collection code Home library Current library Shelving location Date acquired Koha item type
      Theses Dissertation RRII Library RRII Library Biotechnology 31/12/2021 Theses